[Event "5. Int. Neckar-Open (A)"]
[Site "Deizisau"]
[Date "2001.04.14"]
[Round "5"]
[White "Rogers, Ian"]
[Black "Tregubov, Pavel"]
[Result "0-1"]
[WhiteElo "2529"]
[BlackElo "2628"]
[PlyCount "118"]

1. e4 c5 2. Nf3 e6 3. b3 a6 4. Bb2 Nc6 5. Qe2 d6 6. g3 Nf6 7. Bg2 Be7 8. O-O
O-O 9. c3 Bd7 10. d3 Re8 11. Nbd2 e5 12. a3 Bf8 13. b4 b5 14. bxc5 dxc5 15. Ne1
b4 16. axb4 cxb4 17. Nc2 a5 18. cxb4 axb4 19. d4 Rxa1 20. Rxa1 exd4 21. Qc4 Qc8
22. Nxd4 Nxd4 23. Qxd4 Bc5 24. Qc4 Be6 25. Qe2 Ng4 26. Rf1 Ba7 27. Bf3 Rd8 28.
Bxg4 Bxg4 29. Nf3 h6 30. Ba1 Qc5 31. Qb2 Qc3 32. Qxc3 bxc3 33. Ne5 Bh3 34. Bxc3
Rc8 35. Bd2 Bxf1 36. Kxf1 Re8 37. Nc6 Bc5 38. f3 Ra8 39. Na5 Rd8 40.
Nb3 Rd3 41. Nxc5 Rxd2 42. h4 h5 43. Na6 g6 44. Nc7 Kg7 45. Nd5 f5 46. Nf4 fxe4
47. fxe4 Kf6 48. Nh3 Ke5 49. Ng5 Ra2 50. Kg1 Kd4 51. Kf1 Ra5 52. Kg2 Ke3 53.
Kf1 Rxg5 54. hxg5 Kxe4 55. Kg2 Kf5 56. Kh2 Kxg5 57. Kh3 Kf6 58. Kg2 Kf5 59. Kf3
Kg5 0-1

[Event "5. Int. Neckar-Open (A)"]
[Site "Deizisau"]
[Date "2001.04.14"]
[Round "5"]
[White "Ftacnik, Lubomir"]
[Black "Landa, Konstantin"]
[Result "1/2-1/2"]
[WhiteElo "2618"]
[BlackElo "2610"]
[PlyCount "36"]

1. d4 Nf6 2. Nf3 e6 3. c4 d5 4. Nc3 Bb4 5. cxd5 exd5 6. Bg5 h6 7. Bxf6 Qxf6 8.
Qa4+ Nc6 9. e3 O-O 10. Be2 Be6 11. O-O a6 12. Ne1 Bd6 13. Bf3 Rfd8 14. Nd3 Ne7
15. Rac1 Ng6 16. Qd1 Nh4 17. Be2 Re8 18. Ne1 Rad8 1/2-1/2

[Event "5. Int. Neckar-Open (A)"]
[Site "Deizisau"]
[Date "2001.04.14"]
[Round "5"]
[White "Graf, Alexander"]
[Black "Zeller, Frank"]
[Result "0-1"]
[WhiteElo "2649"]
[BlackElo "2422"]
[PlyCount "78"]

1. d4 Nf6 2. c4 e6 3. Nc3 Bb4 4. e3 d5 5. Nf3 O-O 6. Bd3 c5 7. O-O Nc6 8. a3
Bxc3 9. bxc3 dxc4 10. Bxc4 Qc7 11. h3 e5 12. Ba2 b6 13. Re1 e4 14. Nd2 Ba6 15.
Bb1 Rfe8 16. Bb2 Rad8 17. Bc2 Na5 18. Qb1 Nc4 19. Nf1 Rd5 20. Bd1 cxd4 21. cxd4
Rb5 22. Ra2 Nd5 23. Ba4 Nc3 24. Bxb5 Nxb1 25. Bxe8 Nbd2 26. Nxd2 Nxd2 27. Rc1
Qe7 28. Bc6 h6 29. Bc3 Nf3+ 30. Kh1 Qd6 31. gxf3 Qxc6 32. fxe4 Qe6 33.
d5 Qxh3+ 34. Kg1 Bd3 35. f3 Qxf3 36. Kh2 Qh5+ 37. Kg3 Bxe4 38. Rg1 g5 39. Kf2
Qh2+ 0-1

[Event "5. Int. Neckar-Open (A)"]
[Site "Deizisau"]
[Date "2001.04.14"]
[Round "5"]
[White "Haub, Thorsten Michael"]
[Black "Horvath, Joszef"]
[Result "0-1"]
[WhiteElo "2373"]
[BlackElo "2551"]
[PlyCount "84"]

1. Nf3 g6 2. g3 Bg7 3. Bg2 Nf6 4. O-O O-O 5. d3 d6 6. e4 c5 7. Nbd2 Nc6 8. c3
Bg4 9. h3 Bd7 10. a4 Qc7 11. Nc4 Rab8 12. Re1 e5 13. Bd2 a6 14. b4 b5 15. axb5
axb5 16. Ne3 cxb4 17. cxb4 Be6 18. Ng5 Nd4 19. Nxe6 fxe6 20. Ra3 Ra8 21. Qa1
Rxa3 22. Qxa3 Qf7 23. Rf1 h5 24. Qa2 h4 25. Bc3 Nh5 26. Bxd4 exd4 27. Ng4 Kh7
28. Qa6 hxg3 29. fxg3 Qc7 30. Rxf8 Bxf8 31. Qxb5 Qc1+ 32. Kh2 Qe1 33. Qd7+ Bg7
34. Qxd6 e5 35. b5 Qxg3+ 36. Kh1 Qe1+ 37. Kh2 Qg3+ 38. Kh1 Nf4 39. Bf1 Qf3+ 40.
Kg1 Qg3+ 41. Kh1 Qe1 42. Nh2 Qf2 0-1

[Event "5. Int. Neckar-Open (A)"]
[Site "Deizisau"]
[Date "2001.04.14"]
[Round "5"]
[White "Balinov, Ilija"]
[Black "Niklasch, Oliver"]
[Result "1-0"]
[WhiteElo "2482"]
[BlackElo "2350"]
[PlyCount "53"]

1. e4 c5 2. Nf3 e6 3. d4 cxd4 4. Nxd4 a6 5. Nc3 Nc6 6. Be2 Nge7 7. Be3 Nxd4 8.
Qxd4 b5 9. O-O Nc6 10. Qd2 Be7 11. Rfd1 d6 12. Bf4 b4 13. Na4 e5 14. Be3 Rb8
15. a3 a5 16. axb4 axb4 17. Qd5 Qc7 18. Bb5 Bd7 19. Nb6 Rxb6 20. Bxb6 
Qxb6 21. Ra6 Qb7 22. Rxc6 O-O 23. Rxd6 Qxd5 24. R6xd5 Be6 25. Rxe5 Bf6 26. Rc5
Bxb2 27. Bd7 1-0

[Event "5. Int. Neckar-Open (A)"]
[Site "Deizisau"]
[Date "2001.04.14"]
[Round "5"]
[White "Lindemann, Stefan"]
[Black "Volke, Karsten"]
[Result "0-1"]
[WhiteElo "2348"]
[BlackElo "2476"]
[PlyCount "108"]

1. d4 Nf6 2. c4 e6 3. Nf3 b6 4. g3 Ba6 5. b3 Bb4+ 6. Bd2 Be7 7. Bg2 c6 8. Bc3
d5 9. Ne5 O-O 10. O-O Bb7 11. Nd2 Na6 12. e4 c5 13. exd5 exd5 14. Re1 cxd4 15.
Bxd4 Nc5 16. Ng4 dxc4 17. Bxb7 Qxd4 18. Nxc4 Qxd1 19. Raxd1 Rad8 20. Rxd8 Bxd8
21. Nxf6+ Bxf6 22. Bd5 Rd8 23. Ne3 Nd3 24. Rd1 Nb4 25. a3 Nxd5 26. Rxd5 Kf8 27.
Kf1 Ke8 28. Ke2 Be7 29. a4 Bc5 30. Re5+ Kd7 31. Rh5 Rh8 32. Rd5+ Kc6 33. Rf5 f6
34. Rf4 b5 35. Re4 Rb8 36. Rg4 g6 37. Rf4 f5 38. g4 bxa4 39. bxa4 Rb2+ 40. Kf3
Bxe3 41. Kxe3 Rb3+ 42. Ke2 fxg4 43. Rxg4 Rh3 44. Rg5 Kb6 45. Rb5+ Ka6 46. Re5
Rxh2 47. Re7 Kb6 48. Ke3 a6 49. Re5 Rh1 50. a5+ Kc6 51. Kd4 Rh4+ 52. Kd3 Kd6
53. Re8 Rh5 54. Rh8 Kc6 0-1

[Event "5. Int. Neckar-Open (A)"]
[Site "Deizisau"]
[Date "2001.04.14"]
[Round "5"]
[White "Kekelidze, Mikheil"]
[Black "Kniest, Oliver"]
[Result "1-0"]
[WhiteElo "2512"]
[BlackElo "2306"]
[PlyCount "125"]

1. d4 e6 2. Nf3 c5 3. e4 cxd4 4. Nxd4 a6 5. Nc3 d6 6. g3 Nf6 7. Bg2 Be7 8. O-O
O-O 9. Be3 Nc6 10. Nxc6 bxc6 11. Na4 Rb8 12. c4 e5 13. b3 Qc7 14. h3 Re8 15.
Rc1 Nd7 16. c5 Nxc5 17. Nxc5 dxc5 18. Bxc5 Bxc5 19. Rxc5 Bb7 20. Qd2 Rbd8 21.
Qa5 Qxa5 22. Rxa5 Rd2 23. f4 exf4 24. gxf4 f6 25. Rf2 Rd1+ 26. Kh2 Kf7 27. Rc5
Red8 28. Rfc2 R8d2 29. Kg3 Rd3+ 30. Kf2 R1d2+ 31. Ke1 Rxc2 32. Rxc2 Ke6 33. Ke2
Rd4 34. Bf3 a5 35. Ke3 Rb4 36. Be2 a4 37. Bc4+ Ke7 38. Kd4 axb3 39.
axb3 Bc8 40. Kc5 Rb8 41. h4 Bd7 42. Ra2 Rb7 43. Rg2 Kf8 44. e5 fxe5 45. fxe5
Bf5 46. Rf2 g6 47. Kxc6 Ra7 48. Bd3 Ke7 49. Bxf5 gxf5 50. Rxf5 Ke6 51. Rh5 Ra6+
52. Kc5 Ra5+ 53. Kb6 Ra8 54. Rxh7 Rb8+ 55. Rb7 Rh8 56. b4 Rxh4 57. b5 Rd4 58.
Rh7 Kxe5 59. Kc5 Rd5+ 60. Kc6 Rd6+ 61. Kc7 Rd1 62. Re7+ Kf6 63. Re2 1-0

[Event "5. Int. Neckar-Open (A)"]
[Site "Deizisau"]
[Date "2001.04.14"]
[Round "5"]
[White "Schlosser, Philipp"]
[Black "McMichael, Richard"]
[Result "1-0"]
[WhiteElo "2511"]
[BlackElo "2261"]
[PlyCount "97"]

1. d4 e6 2. c4 f5 3. Nc3 Nf6 4. e3 d5 5. Bd3 c6 6. Nge2 Bd6 7. Qc2 O-O 8. f3
Kh8 9. b3 Bd7 10. O-O Na6 11. a3 Rc8 12. c5 Bb8 13. b4 Qe8 14. h3 Nc7 15. Bb2
Qh5 16. Rf2 Rce8 17. Raf1 Re7 18. Bc1 Ng8 19. e4 Ree8 20. Bf4 Ne7 21. Qd2 Qf7
22. Bd6 Rg8 23. Qf4 Ng6 24. Qg3 Na8 25. e5 Ne7 26. h4 Ref8 27. Nf4 Bxd6 28.
exd6 Ng6 29. Nxg6+ hxg6 30. f4 Qf6 31. Ne2 Rb8 32. Qe3 b6 33. g3 Rge8 34. Qe5
Kg8 35. Rb1 Kf7 36. Kg2 a5 37. Ng1 axb4 38. axb4 bxc5 39. dxc5 Rb7
40. Ra2 Reb8 41. Qe1 Qd8 42. Nf3 Kg8 43. Ne5 Nb6 44. cxb6 Rxb6 45. Ra7 Bc8 46.
d7 Bb7 47. Kh3 Qe7 48. Qc3 Kh7 49. Qc5 1-0

[Event "5. Int. Neckar-Open (A)"]
[Site "Deizisau"]
[Date "2001.04.14"]
[Round "5"]
[White "Wippermann, Tillman"]
[Black "Bezold, Michael"]
[Result "0-1"]
[WhiteElo "2292"]
[BlackElo "2510"]
[PlyCount "76"]

1. e4 g6 2. Nc3 Bg7 3. Bc4 e6 4. d3 Ne7 5. f4 d5 6. Bb3 dxe4 7. Nxe4 Nf5 8. Nf3
O-O 9. O-O Nc6 10. Qe1 Ncd4 11. Ne5 a5 12. c3 Nxb3 13. axb3 f6 14. Nc4 Qxd3 15.
Rxa5 Rxa5 16. Nxa5 b6 17. Nc4 Bb7 18. Ng3 Qd5 19. Qe2 Nh4 20. Ne3 Qxb3 21. Qg4
Nf5 22. Ngxf5 gxf5 23. Qe2 Qa4 24. Rd1 Qc6 25. Qc4 Ra8 26. Kf2 Bf8 27. Qxc6
Bxc6 28. b4 Kf7 29. g3 h5 30. Nc4 Ra1 31. Ne3 Ba4 32. Re1 c5 33. bxc5 Bxc5 34.
Bd2 Ra2 35. Ke2 Bb5+ 36. c4 Bb4 37. cxb5 Rxd2+ 38. Kf3 Bc5 0-1

[Event "5. Int. Neckar-Open (B)"]
[Site "Deizisau"]
[Date "2001.04.14"]
[Round "5"]
[White "Haeussermann, Ernst"]
[Black "Wagner, Gerd"]
[Result "0-1"]
[WhiteElo "1851"]
[BlackElo "1934"]
[PlyCount "64"]

1. e4 c6 2. d3 d5 3. Nd2 e5 4. Ngf3 Bd6 5. g3 Nf6 6. Bg2 O-O 7. O-O dxe4 8.
dxe4 Qe7 9. Qe2 b6 10. Rd1 Ba6 11. Nc4 Bc7 12. Bf1 Nbd7 13. c3 Nc5 14. Ng5 h6
15. b4 Na4 16. Qc2 hxg5 17. Qxa4 Bxc4 18. Bxc4 b5 19. Qa6 Bb6 20. Bd3 Ng4 21.
Rf1 Qf6 22. Kg2 Nxf2 23. a4 g4 24. Be2 Qg6 25. Rxf2 Qxe4+ 26. Kg1 Qxe2 27. Qxb6
Qe1+ 28. Rf1 Qxf1+ 29. Kxf1 axb6 30. a5 bxa5 31. bxa5 Ra6 32. Be3 Rfa8 0-1

[Event "5. Int. Neckar-Open (B)"]
[Site "Deizisau"]
[Date "2001.04.14"]
[Round "5"]
[White "Kulovic, Edmir"]
[Black "Pogorelow, Ewgeni"]
[Result "1/2-1/2"]
[WhiteElo "1859"]
[BlackElo "1887"]
[PlyCount "122"]

1. e4 e5 2. Nf3 Nc6 3. Bc4 d6 4. c3 Bg4 5. d3 Na5 6. Bb5+ c6 7. Ba4 b5 8. Bc2
Be7 9. a4 a6 10. Be3 Nf6 11. O-O O-O 12. Nbd2 Qc7 13. h3 Bh5 14. Qe2 Nd7 15.
Ra2 Nb7 16. Rfa1 a5 17. axb5 cxb5 18. b4 Qxc3 19. Rc1 Qc6 20. g4 Bg6 21. bxa5
Rxa5 22. Rb2 Nbc5 23. Bb3 Qa6 24. Rbb1 Ra3 25. Ne1 Nxb3 26. Nxb3 Ra2 27. Qd1
Qb7 28. Nc2 d5 29. f3 d4 30. Bd2 Ra4 31. Nba1 Rfa8 32. Nb4 Nb6 33. Nc6 Ba3 34.
Rc2 Nc4 35. dxc4 d3 36. Rc3 Qxc6 37. cxb5 Qb6+ 38. Kg2 Qd8 39. Qf1 Rd4 40. b6
Bb4 41. b7 Bxc3 42. bxa8=Q Qxa8 43. Bxc3 Rd8 44. Rb2 f6 45. Rd2 Qa6 46. Qb1 Bf7
47. Qb4 Qa8 48. Qa5 Qb8 49. Nc2 Rd7 50. Nb4 Bc4 51. Nc6 Qb7 52. Nb4 Rc7 53.
Nxd3 Bxd3 54. Rxd3 Kf7 55. Qd5+ Ke8 56. Bb4 Qxb4 57. Qd8+ Kf7 58. Qxc7+ Kg6 59.
Qd7 Kh6 60. Qf5 g6 61. Qxf6 Qd2+ 1/2-1/2

[Event "5. Int. Neckar-Open (A)"]
[Site "Deizisau"]
[Date "2001.04.15"]
[Round "6"]
[White "Bartsch, Berthold"]
[Black "Schlosser, Philipp"]
[Result "0-1"]
[WhiteElo "2337"]
[BlackElo "2511"]
[PlyCount "102"]

1. e4 c5 2. Nc3 Nc6 3. g3 g6 4. Bg2 Bg7 5. d3 d6 6. Be3 e5 7. Qd2 Be6 8. f4
Nge7 9. Nf3 Nd4 10. h4 h5 11. O-O O-O 12. f5 gxf5 13. Ng5 Bd7 14. exf5 Ndxf5
15. Kh2 f6 16. Nh3 Be6 17. Bxb7 Rb8 18. Bf3 Rxb2 19. Nd1 Nxe3 20. Nxb2 Bh6 21.
Qe2 N7f5 22. c3 Nxf1+ 23. Rxf1 Ne3 24. Rb1 Qd7 25. Nf2 Ng4+ 26. Kh1 f5 27. c4
Kh8 28. Nbd1 Qg7 29. Rb7 Rf7 30. Rb8+ Kh7 31. Nh3 Nf6 32. Qg2 Qg6 33. Ndf2 Kg7
34. Kh2 Re7 35. Rd8 e4 36. Be2 d5 37. Ng5 Bxg5 38. hxg5 Qxg5 39. Nh3
Qe3 40. dxe4 dxe4 41. Nf4 Bf7 42. Qf1 Rd7 43. Rxd7 Nxd7 44. Bxh5 Nf6 45. Be2
Qd2 46. Kh3 Nh7 47. g4 Ng5+ 48. Kh4 Nf3+ 49. Kg3 fxg4 50. Qb1 Qe3 51. Kxg4 Kf6
0-1

[Event "5. Int. Neckar-Open (A)"]
[Site "Deizisau"]
[Date "2001.04.15"]
[Round "6"]
[White "Gheng, Josef"]
[Black "Kekelidze, Mikheil"]
[Result "1/2-1/2"]
[WhiteElo "2341"]
[BlackElo "2512"]
[PlyCount "174"]

1. e4 c5 2. Nf3 e6 3. d4 cxd4 4. Nxd4 a6 5. c4 Nf6 6. Bd3 Nc6 7. Nc2 d5 8. exd5
exd5 9. O-O Be7 10. cxd5 Qxd5 11. Nc3 Qa5 12. Ne3 Be6 13. Bd2 Qd8 14. Bf5 Nd4
15. Bxe6 Nxe6 16. Nf5 O-O 17. Nxe7+ Qxe7 18. Qe2 Rfd8 19. Rad1 Nd5 20. Nxd5
Rxd5 21. Bb4 Qxb4 22. Rxd5 Nf4 23. Qd2 Nxd5 24. Qxd5 Qxb2 25. Re1 Qb4 26. Rc1
Re8 27. g3 Re1+ 28. Rxe1 Qxe1+ 29. Kg2 Qe7 30. h4 h6 31. Kg1 Qe1+ 32. Kg2 Qe7
33. Kg1 Qc7 34. Kh2 Kf8 35. Kg1 g6 36. h5 gxh5 37. Qxh5 Qc6 38. Qe5 b5 39. Qh8+
Ke7 40. Qe5+ Kf8 41. Qh8+ Ke7 42. Qe5+ Kd7 43. Qd4+ Qd6 44. Qa7+ Ke8 45. Qa8+
Ke7 46. Kg2 Qe6 47. Qa7+ Kf8 48. Qc5+ Ke8 49. a3 Qc4 50. Qd6 Qe6 51. Qc5 f5 52.
Kg1 Kf7 53. Kh2 Kf6 54. Kg1 Kg5 55. Kh2 Kg6 56. Kg1 h5 57. Kh2 Qf6 58. Qd5 h4
59. Qg8+ Kh6 60. Kh3 hxg3 61. fxg3 Qd6 62. Qf7 Qxa3 63. Qf6+ Kh7 64.
Qxf5+ Kg7 65. Qg5+ Kf7 66. Qf5+ Ke7 67. Qe5+ Kd7 68. Qf5+ Kc7 69. Qf7+ Kb6 70.
Qf6+ Ka5 71. Qd8+ Ka4 72. Qd1+ Kb4 73. Qd4+ Kb3 74. Qe3+ Ka2 75. Qd2+ Kb1 76.
Qe1+ Qc1 77. Qb4+ Qb2 78. Qe1+ Kc2 79. Qe2+ Kb3 80. Qe6+ Kc2 81. Qe2+ Kb1 82.
Qe1+ Qc1 83. Qb4+ Kc2 84. Qc5+ Kb2 85. Qb4+ Ka2 86. Qa5+ Qa3 87. Qd2+ Qb2
1/2-1/2

[Event "5. Int. Neckar-Open (A)"]
[Site "Deizisau"]
[Date "2001.04.15"]
[Round "6"]
[White "Tregubov, Pavel"]
[Black "Ftacnik, Lubomir"]
[Result "1/2-1/2"]
[WhiteElo "2628"]
[BlackElo "2618"]
[PlyCount "68"]

1. d4 Nf6 2. c4 g6 3. Nc3 d5 4. cxd5 Nxd5 5. e4 Nxc3 6. bxc3 Bg7 7. Nf3 c5 8.
Be3 Qa5 9. Qd2 Nc6 10. Rc1 cxd4 11. cxd4 Qxd2+ 12. Kxd2 O-O 13. d5 Rd8 14. Ke1
Na5 15. Bd3 Bd7 16. Ke2 e6 17. Rc5 b6 18. Rc7 exd5 19. exd5 Bc8 20. Ng5 Bg4+
21. f3 Bd7 22. d6 h6 23. Ne4 f5 24. Nc3 Be6 25. Rd1 Rxd6 26. Nb5 Rd7 27. Bxf5
Bxf5 28. Rdxd7 Bxd7 29. Rxd7 Nc4 30. Nd4 Re8 31. Kf2 Bxd4 32. Bxd4 a6 33. g4
Rf8 34. Ra7 34... a5 {Rest nicht nachvollziehbar} 1/2-1/2

[Event "5. Int. Neckar-Open (A)"]
[Site "Deizisau"]
[Date "2001.04.15"]
[Round "6"]
[White "Zeller, Frank"]
[Black "Rogers, Ian"]
[Result "0-1"]
[WhiteElo "2422"]
[BlackElo "2529"]
[PlyCount "116"]

1. e4 e6 2. d4 d5 3. Nc3 Bb4 4. Nge2 dxe4 5. a3 Bxc3+ 6. Nxc3 Nc6 7. Bb5 Nge7
8. Bg5 f6 9. Be3 O-O 10. Qd2 f5 11. O-O-O Nd5 12. Bxc6 bxc6 13. Bf4 Rb8 14. Be5
Nb6 15. Qe2 Qe7 16. h4 c5 17. Rh3 cxd4 18. Rxd4 Qc5 19. f4 exf3 20. gxf3 Nd7
21. Rxd7 Bxd7 22. Rg3 Rf7 23. h5 f4 24. b4 Bb5 25. Qe1 Qe3+ 26. Qxe3 fxe3 27.
f4 Bc6 28. Rxe3 a5 29. bxa5 Ra8 30. Ne2 Rxa5 31. Rc3 Bd7 32. Rxc7 Rxa3 33. Nc3
Ra8 34. Ne4 Be8 35. Rc5 h6 36. Rc3 Rfa7 37. Rg3 Kh7 38. Nc5 Bxh5 39. Nxe6
Rg8 40. Bd4 Rf7 41. Kd2 g6 42. Be5 Re8 43. Nc5 g5 44. Nd3 gxf4 45. Bxf4
Re2+ 46. Kc3 Bg6 47. Bd6 Re6 48. Bb4 Rc7+ 49. Kb2 h5 50. Rh3 Re2 51. Bc3 Rd7
52. Kb3 Rb7+ 53. Bb4 Re4 54. Kc3 Rc7+ 55. Kb2 Rec4 56. c3 Rg4 57. Ne5 Rg2+ 58.
Kc1 Ra7 0-1

[Event "5. Int. Neckar-Open (A)"]
[Site "Deizisau"]
[Date "2001.04.15"]
[Round "6"]
[White "Schnitzspan, Lothar"]
[Black "Brendel, Oliver"]
[Result "1-0"]
[WhiteElo "2319"]
[BlackElo "2389"]
[PlyCount "85"]

1. Nf3 g6 2. c4 Nf6 3. Nc3 Bg7 4. g3 O-O 5. Bg2 d5 6. cxd5 Nxd5 7. O-O Nxc3 8.
dxc3 Nc6 9. Qa4 Bd7 10. Qh4 e5 11. Bg5 f6 12. Qc4+ Kh8 13. Be3 Qe8 14. Rfd1 Qe6
15. Nd2 Qxc4 16. Nxc4 Rfd8 17. Bxc6 Bxc6 18. Na5 Bb5 19. Nxb7 Rdb8 20. Nc5 Bxe2
21. Rd2 Bf3 22. Ne6 Rb7 23. h3 c6 24. b3 a5 25. Nc5 Rf7 26. Na4 f5 27. Re1 h6
28. Nb6 Rb8 29. Rd6 g5 30. Nc4 f4 31. Bc5 Re8 32. Nxa5 e4 33. Bd4 e3 34. fxe3
Bxd4 35. cxd4 fxe3 36. Nxc6 Bxc6 37. Rxh6+ Kg7 38. Rxc6 Rf2 39. Rxe3 Ref8 40.
Rc7+ Kg8 41. Rc1 Rxa2 42. Rf1 Rd8 43. Re5 1-0

[Event "5. Int. Neckar-Open (A)"]
[Site "Deizisau"]
[Date "2001.04.??"]
[Round "6"]
[White "Horvath, Joszef"]
[Black "Volke, Karsten"]
[Result "1-0"]
[WhiteElo "2551"]
[BlackElo "2476"]
[PlyCount "79"]

1. e4 c5 2. Nf3 Nc6 3. d4 cxd4 4. Nxd4 e6 5. Nb5 d6 6. c4 Nf6 7. N1c3 a6 8. Na3
Be7 9. Be2 O-O 10. O-O Bd7 11. Be3 b6 12. Rc1 Rb8 13. f3 Rb7 14. Nc2 Qb8 15. a4
Rd8 16. b4 a5 17. b5 Nb4 18. Nxb4 axb4 19. Na2 d5 20. Qb3 Bd6 21. e5 Bxe5 22.
f4 d4 23. fxe5 Qxe5 24. Rxf6 gxf6 25. Bh6 Kh8 26. Bf3 Bc8 27. Nxb4 Rg8 28. Nc6
Qc5 29. Qd3 Rd7 30. Re1 Bb7 31. Bc1 Ra8 32. Bb2 Rxa4 33. Bxd4 Rxc4 34. Bxc5
Rxd3 35. Be7 Kg7 36. Be2 Re4 37. Bxf6+ Kf8 38. Bxd3 Rxe1+ 39. Kf2 h6 40. Kxe1
1-0

[Event "5. Int. Neckar-Open (A)"]
[Site "Deizisau"]
[Date "2001.04.14"]
[Round "6"]
[White "Schoene, Ralf"]
[Black "Braun, Arik"]
[Result "0-1"]
[WhiteElo "2375"]
[BlackElo "2161"]
[PlyCount "134"]

1. d4 Nf6 2. c4 e6 3. Nc3 d5 4. Bg5 Be7 5. e3 O-O 6. Nf3 h6 7. Bh4 Ne4 8. Bxe7
Qxe7 9. cxd5 Nxc3 10. bxc3 exd5 11. Qb3 c6 12. c4 dxc4 13. Bxc4 Nd7 14. O-O Nb6
15. Rfc1 Bf5 16. a4 Be4 17. Be2 Nd5 18. Nd2 Bg6 19. Bf3 Rfd8 20. Rc5 Rac8 21.
Rac1 Nf6 22. h3 Rc7 23. a5 Nd7 24. Rb5 Nf8 25. Re5 Qf6 26. Ne4 Bxe4 27. Bxe4
Rdc8 28. Bf5 Rb8 29. Rec5 g6 30. Bg4 h5 31. Be2 Nd7 32. R5c2 Qd6 33. Bc4 Nf6
34. Be2 Nd7 35. Qa4 Rbc8 36. Bc4 Kg7 37. Ba2 c5 38. Qc4 Qe7 39. Qb5 Qd6 40. Qb3
Qe7 41. Qa3 b6 42. Qb2 Qf6 43. e4 Qd8 44. d5+ f6 45. f4 Qe7 46. axb6 axb6 47.
Re2 c4 48. Kh1 c3 49. Qc2 Qd6 50. Rf1 b5 51. Bb1 Re8 52. Ref2 b4 53.
e5 fxe5 54. f5 Nf6 55. fxg6 Rf8 56. Ba2 e4 57. Rf5 Re7 58. Bb3 e3 59. Qd3 e2
60. Re1 Ra8 61. Rf2 Ra3 62. Bc4 Ne4 63. Rf3 c2 64. Qd4+ Qe5 65. Qxe5+ Rxe5 66.
Rxa3 bxa3 67. Kg1 Nd6 0-1

[Event "5. Int. Neckar-Open (A)"]
[Site "Deizisau"]
[Date "2001.04.15"]
[Round "6"]
[White "Kountz, Jochen"]
[Black "Farago, Ivan"]
[Result "1/2-1/2"]
[WhiteElo "2325"]
[BlackElo "2453"]
[PlyCount "68"]

1. e4 c5 2. Nf3 e6 3. Nc3 a6 4. d4 cxd4 5. Nxd4 Qc7 6. Be2 Bb4 7. O-O Nf6 8.
Qd3 Nc6 9. Kh1 O-O 10. Bg5 Be7 11. f4 d6 12. Rad1 Bd7 13. Qg3 Nxd4 14. Rxd4 Bc6
15. e5 Ne8 16. Bxe7 Qxe7 17. f5 dxe5 18. Qxe5 Qc7 19. Qe3 exf5 20. Rxf5 g6 21.
Rf1 Nd6 22. Qg3 Nb5 23. Rdf4 Nxc3 24. Qxc3 Rad8 25. Bc4 Rd7 26. h3 b5 27. Bb3
Qb7 28. R1f2 Bd5 29. Bxd5 Qxd5 30. a3 Re8 31. Kh2 Qd6 32. Qg3 Ree7 33. R2f3 Re2
34. Rf2 Re5 1/2-1/2

[Event "5. Int. Neckar-Open (A)"]
[Site "Deizisau"]
[Date "2001.04.15"]
[Round "6"]
[White "Bezold, Michael"]
[Black "Koenig, Didrich"]
[Result "1-0"]
[WhiteElo "2510"]
[BlackElo "2327"]
[PlyCount "82"]

1. g3 d5 2. Bg2 c6 3. Nf3 Nf6 4. O-O Bg4 5. d4 Nbd7 6. Nbd2 e6 7. Re1 Be7 8. e4
dxe4 9. Nxe4 O-O 10. c3 a5 11. Nxf6+ Bxf6 12. Bf4 a4 13. h3 Bh5 14. Qe2 Re8 15.
Rad1 Qb6 16. g4 Bg6 17. g5 Be7 18. Nh4 Nf8 19. Nxg6 Nxg6 20. Bc1 Nh4 21. Be4 g6
22. Qg4 Nf5 23. h4 h5 24. gxh6 Nxh4 25. Bg5 Qd8 26. f4 Nf5 27. Bxe7 Nxe7 28.
Qg5 Nd5 29. c4 Nb6 30. c5 Nd7 31. Re2 Kh7 32. Bc2 a3 33. b4 Qf6 34. Be4 Rad8
35. Re3 Re7 36. Rxa3 e5 37. dxe5 Qxg5+ 38. fxg5 Rxe5 39. Bg2 Rxg5 40. Rdd3
Re8 41. Rxd7 Re2 1-0

[Event "5. Int. Neckar-Open (B)"]
[Site "Deizisau"]
[Date "2001.04.15"]
[Round "6"]
[White "Wagner, Gerd"]
[Black "Eichinger, Guenther"]
[Result "1-0"]
[WhiteElo "1934"]
[BlackElo "1860"]
[PlyCount "120"]

1. c4 e5 2. Nc3 Nf6 3. g3 d5 4. cxd5 Nxd5 5. Bg2 Be6 6. d3 Bb4 7. Bd2 O-O 8.
Nf3 Nd7 9. Nxd5 Bxd2+ 10. Nxd2 f5 11. Nc3 c6 12. Nf3 Qf6 13. Qc1 h6 14. h4 Rad8
15. Bh3 b5 16. b4 c5 17. bxc5 Nxc5 18. O-O Rc8 19. Qe3 b4 20. Nb5 a6 21. Nd6
Rc6 22. Nc4 e4 23. Nd4 exd3 24. Nxc6 Bxc4 25. Qxc5 Bb5 26. Qd5+ Kh8 27. exd3
Bxc6 28. Qxf5 Qd8 29. Qg6 Qd5 30. Qe4 Qb5 31. Qe3 Re8 32. Qd2 Qd5 33. f3 Qd4+
34. Kh2 Re3 35. Rad1 Bxf3 36. Rxf3 Rxf3 37. Bg2 Rf2 38. Qe1 Rxa2 39. Qe8+ Kh7
40. Qe4+ Qxe4 41. dxe4 a5 42. Re1 Kg8 43. e5 Kf8 44. Kh3 b3 45. Bd5 a4 46. Rf1+
Ke8 47. e6 Re2 48. Bc6+ Ke7 49. Bxa4 b2 50. Bb3 Re3 51. Rf7+ Kd8 52. Bc2 Re2
53. Bf5 Rxe6 54. Rxg7 Re5 55. Bh7 Kc8 56. Kg4 h5+ 57. Kf4 Re1 58. Rg5 b1=Q 59.
Bxb1 Rxb1 60. Rxh5 Kd7 1-0

[Event "5. Int. Neckar-Open (B)"]
[Site "Deizisau"]
[Date "2001.04.15"]
[Round "6"]
[White "Kramer, Wolfgang"]
[Black "Kulovic, Edmir"]
[Result "1-0"]
[WhiteElo "1895"]
[BlackElo "1859"]
[PlyCount "113"]

1. e4 e6 2. d4 d5 3. Nc3 Bb4 4. e5 Ne7 5. a3 Bxc3+ 6. bxc3 c5 7. Nf3 Nbc6 8.
Bd3 Bd7 9. Rb1 Qa5 10. Bd2 c4 11. Be2 b6 12. O-O Ng6 13. Qc1 f6 14. Re1 O-O-O
15. Bf1 fxe5 16. Nxe5 Ngxe5 17. dxe5 Rdf8 18. Re2 Rf5 19. f4 Rhf8 20. Qb2 h6
21. g3 R5f7 22. h4 g5 23. fxg5 Rg7 24. Bh3 hxg5 25. Bxg5 Rf3 26. Bg2 Rxg3 27.
Kh2 Qxc3 28. Qxc3 Rxc3 29. Rf1 Rxa3 30. Rf8+ Kc7 31. Bxd5 exd5 32. e6 Bxe6 33.
Rxe6 Ra2 34. Rf2 b5 35. Bf4+ Kb7 36. h5 Nd4 37. Be5 Nxe6 38. Bxg7 Nxg7 39. h6
Ra6 40. Rf7+ Kb8 41. hxg7 Rg6 42. Rf8+ Kb7 43. g8=Q Rxg8 44. Rxg8 a5 45. Kg2 b4
46. Kf3 a4 47. Ke3 a3 48. Kd4 a2 49. Rg1 Kb6 50. Ra1 Kb5 51. Rxa2 b3 52. cxb3
cxb3 53. Ra8 Kb4 54. Kd3 d4 55. Kxd4 b2 56. Rb8+ Ka3 57. Kc3 1-0

[Event "5. Int. Neckar-Open (A)"]
[Site "Deizisau"]
[Date "2001.04.15"]
[Round "7"]
[White "Kekelidze, Mikheil"]
[Black "Kountz, Jochen"]
[Result "1-0"]
[WhiteElo "2512"]
[BlackElo "2325"]
[PlyCount "49"]

1. d4 Nf6 2. Nf3 g6 3. c4 c5 4. Nc3 Bg7 5. d5 O-O 6. e4 d6 7. h3 e6 8. Bd3 exd5
9. cxd5 Re8 10. O-O c4 11. Bc2 b5 12. Re1 Bd7 13. a3 Na6 14. Be3 Qc7 15. Bd4
Nc5 16. e5 dxe5 17. Bxe5 Qb6 18. Qd4 Nh5 19. Bxg7 Nxg7 20. d6 Bc6 21. Ne5 Rad8
22. Ng4 Nd7 23. Nh6+ Kf8 24. Re7 Qxd4 25. Rxf7# 1-0

[Event "5. Int. Neckar-Open (A)"]
[Site "Deizisau"]
[Date "2001.04.15"]
[Round "7"]
[White "Volke, Karsten"]
[Black "Rudolf, Henrik"]
[Result "1-0"]
[WhiteElo "2476"]
[BlackElo "2321"]
[PlyCount "35"]

1. e4 g6 2. Nc3 d6 3. d4 Bg7 4. Be3 a6 5. Qd2 Nd7 6. Nf3 b5 7. a4 b4 8. Ne2 c5
9. Ng3 Qa5 10. Bc4 Ngf6 11. e5 cxd4 12. exf6 dxe3 13. Qd5 Qxd5 14. Bxd5 Bxf6
15. Bxa8 Bxb2 16. Rb1 Bc3+ 17. Ke2 exf2 18. Ne4 1-0

[Event "5. Int. Neckar-Open (A)"]
[Site "Deizisau"]
[Date "2001.04.16"]
[Round "7"]
[White "Farago, Ivan"]
[Black "Namyslo, Holger"]
[Result "1-0"]
[WhiteElo "2453"]
[BlackElo "2315"]
[PlyCount "75"]

1. d4 d5 2. c4 e6 3. Nf3 Nf6 4. Nc3 c6 5. Bg5 dxc4 6. e4 b5 7. a4 Bb4 8. e5 h6
9. exf6 hxg5 10. fxg7 Rg8 11. g3 Bb7 12. Bg2 Nd7 13. h4 g4 14. Nd2 Rxg7 15.
axb5 Qc7 16. O-O Bxc3 17. bxc6 Bxc6 18. Bxc6 Bxd4 19. Bxd7+ Qxd7 20. Nxc4 Rd8
21. Qe2 Qd5 22. Kh2 Ke7 23. Ra5 Qb7 24. Ne5 Qc7 25. b4 Rc8 26. Rd1 Bxe5 27.
Rxe5 Qb6 28. Rb5 Rc2 29. Qxc2 Qxb5 30. Qc7+ Kf6 31. Rd4 Kg6 32. Rxg4+
Kh7 33. Qc5 Qb7 34. Qh5+ Kg8 35. Rd4 Qb6 36. Qc5 Qxc5 37. bxc5 f5 38. c6 1-0

[Event "5. Int. Neckar-Open (A)"]
[Site "Deizisau"]
[Date "2001.04.16"]
[Round "7"]
[White "Graf, Alexander"]
[Black "Braun, Arik"]
[Result "1-0"]
[WhiteElo "2649"]
[BlackElo "2161"]
[PlyCount "51"]

1. d4 Nf6 2. c4 g6 3. Nc3 d5 4. cxd5 Nxd5 5. e4 Nxc3 6. bxc3 c5 7. Nf3 Bg7 8.
Be3 O-O 9. Be2 Qc7 10. O-O Rd8 11. Rc1 Nc6 12. d5 b6 13. Nd2 Na5 14. c4 e5 15.
Bd3 Nc6 16. Qe1 Nd4 17. f4 f6 18. f5 g5 19. h4 h6 20. hxg5 hxg5 21. Qg3 Qe7 22.
Bxd4 cxd4 23. c5 bxc5 24. Nb3 Bb7 25. Nxc5 Re8 26. d6 1-0